Legal Writing Exercises A Practical Guide to Clear and Persuasive Writing for Lawyers /

Detalles Bibliográficos
Autor principal: Fruehwald, Edwin Scott
Formato: eBook
Lenguaje:inglés
Publicado: Chicago: American Bar Association, 2014
Materias:
Acceso en línea:Acceso restringido

MARC

LEADER 00000nam a22000007a 4500
005 20210224223355.0
007 cr|||| ||||
008 210224s2014 us |||||s|||| 00||0 eng d
020 |a 9781627228923 
035 |a 31234 
040 |a vLex 
090 |c 11261  |d 11261 
100 1 |a Fruehwald, Edwin Scott 
245 1 0 |a Legal Writing Exercises  |h [Recurso electrn̤ico] :  |b A Practical Guide to Clear and Persuasive Writing for Lawyers /  |c Edwin Scott Fruehwald 
256 |a Servicio en ln̕ea 
260 |a Chicago:  |b American Bar Association,  |c 2014 
300 |a 1 recurso electrn̤ico 
500 |a This resource will help you develop your legal writing skills so that you can more effectively communicate with others in the language of the law.  
506 1 |a Disponible solo en los productos indicados  |d vLex Global  |d vLex Global (Academic Edition, excluding Law Schools)  |d vLex Global (Academic Edition, Law Schools) 
650 0 4 |a Abogados  |z Estados Unidos 
650 0 4 |a Humanidades  |z Estados Unidos 
650 0 4 |a Derecho Civil  |z Estados Unidos 
740 0 |a vLex Libros (Servicio en ln̕ea) 
856 4 0 |u http://vlex.com/source/legal-writing-exercises-a-practical-guide-to-clear-and-persuasive-writing-for-lawyers-31234  |z Acceso restringido 
942 |c BOOK 
999 0 |a Lawyers 
999 0 |a Humanities 
999 0 |a Civil Law